000 00363nam a2200133Ia 4500
008 151001s9999||||xx |||||||||||||| ||und||
100 _aयु म पठाण
245 _aसभासद बखर
250 _a1
260 _bस्नेहवर्धन प्रकाशन पुणे
260 _c2005
300 _a126
365 _b21
999 _c988530
_d988527